000 00349nam a2200145Ia 4500
008 240624s9999 xx 000 0 und d
041 _aeng
082 _a658.8 NAR
100 _aNARGUNDKAR RAJENDRA
245 _aSERVICES MARKETING
250 _a(3rd ed.)
260 _c2010
_aNew Delhi
_bTata McGraw-Hill
300 _a492 : p.
365 _cRS
_b27
999 _c21469
_d21469